[Event "RUS-ch Boys U21 2021"]
[Site "Loo"]
[Date "2021.04.22"]
[Round "2.5"]
[White "Shpakov, Vladimir"]
[Black "Obgolts, Erik"]
[Result "0-1"]
[WhiteElo "1871"]
[BlackElo "2414"]
[Annotator "TA"]
[PlyCount "85"]
[EventDate "2021.04.21"]
[EventType "swiss"]
[EventCountry "RUS"]
[SourceTitle "playchess.com"]
[Source "ChessBase"]
[SourceQuality "1"]

{[%evp 12,85,8,0,0,-3,30,2,29,0,53,39,50,43,74,6,39,0,24,-6,0,-34,-33,-31,-20,-50,-20,-30,-13,-25,-32,-63,-25,-75,-4,-15,-9,-9,-8,-9,-10,-9,-8,-16,-6,-6,-12,-14,-17,-9,-3,-6,0,0,0,0,0,0,16,0,0,-12,-4,-456,-456,-454,-456,-446,-387,-365,-347,-420,-373,-540,-478,-5406]} 1. d4 Nf6 2. Nf3 g6 3. c4 Bg7 4. Nc3 O-O 5. Bg5 c5 6. e3 cxd4 7. exd4 {7.Nxd4 is the hot move.} h6 {E61: King's Indian: Early deviations for White, including Smyslov System.} 8. Bh4 {[#]} b6 $146 (8... g5 $5 {[%cal Rg5h4]} 9. Bg3 d5 $11) ({Predecessor:} 8... d6 9. Be2 Nbd7 10. O-O Nh5 11. Qd2 g5 12. Ne1 Nf4 13. Bg3 e5 14. Rd1 exd4 15. Nb5 Nxe2+ 16. Qxe2 Re8 17. Qc2 {½-½ (30) Movsesian,S (2699)-Andreikin,D (2713) Khanty-Mansiysk 2013}) 9. Bd3 Bb7 {The position is equal.} 10. O-O d6 (10... d5 $11) 11. Re1 Nbd7 12. d5 a6 13. Qe2 ({Better is} 13. Rc1 $16) 13... Re8 14. a4 e5 15. dxe6 (15. Nd2 {is interesting.} Qc7 16. Qd1 Nc5 17. Bf1 a5 18. f3) 15... Rxe6 16. Qd1 {With the idea Rxe6.} Rxe1+ 17. Nxe1 Qc7 18. Qd2 Re8 19. Rd1 Nc5 (19... g5 $5 20. Bg3 $8 Nc5 $15) 20. Bxf6 Bxf6 21. Bc2 Bg7 22. Nd5 Qc6 ({Black should play} 22... Bxd5 $17 23. Qxd5 Bxb2) 23. Nf3 Nd7 24. b3 Qc5 25. h3 b5 26. axb5 axb5 27. Qf4 Ne5 28. Nxe5 Rxe5 29. Nf6+ Bxf6 30. Qxf6 {Bxg6! is the strong threat.} Re6 31. Qf4 b4 $40 {[%mdl 128] Black has some attack.} 32. Kf1 Qc6 {[%csl Gb7][%cal Rc6g2]} (32... Kg7 {feels hotter.} 33. Qd2 Qe5 34. f3 Qf6 35. Kg1 Qe5) 33. f3 Qc5 34. Qd4 Qg5 35. Qb6 Qe5 {White must now prevent ...Qe2+.} 36. Bd3 {[#]} ({Don't play} 36. Qxb7 Qe2+ 37. Kg1 Qxc2 $17) 36... Qh2 $1 {And now ...Bxf3! would win.} 37. Kf2 {[%mdl 8192] [#] Now White is beyond hope.} (37. Qg1 $11 Qf4 38. Qf2) 37... Bxf3 $1 $19 {[%csl Gf3][%cal Rh2g2][%mdl 576] Double Attack, Pin} 38. Qd8+ Kg7 {[%csl Gf3][%cal Rh2g2]} 39. Kxf3 {Now Qa8 and White clings on.} Rf6+ 40. Qxf6+ Kxf6 41. Be4 Kg5 {aiming for ...Qf4+.} 42. g3 (42. Kf2 $142) 42... Qxh3 43. Ra1 {Weighted Error Value: White=0.44/Black=0.18} (43. Rd5+ $142 Kf6 44. Kf2) 0-1

[Event "RUS-ch Boys U21 2021"]
[Site "Loo"]
[Date "2021.04.22"]
[Round "2.6"]
[White "Lobanov, Sergei"]
[Black "Makovich, Andrey"]
[Result "1-0"]
[WhiteElo "2520"]
[BlackElo "2171"]
[Annotator "TA"]
[PlyCount "97"]
[EventDate "2021.04.21"]
[EventType "swiss"]
[EventCountry "RUS"]
[SourceTitle "playchess.com"]
[Source "ChessBase"]
[SourceQuality "1"]

{[%evp 10,97,29,19,30,20,37,34,33,24,29,32,25,20,28,0,26,8,25,6,21,0,54,54,52,47,48,47,60,58,62,60,60,52,55,51,58,60,75,61,80,79,62,26,20,26,61,63,75,88,108,115,159,157,195,147,150,170,172,169,158,161,169,152,152,109,109,109,90,31,67,43,43,43,43,18,242,241,592,592,585,585,575,541,515,457,577,577,563,500]} 1. e4 c6 2. Nf3 d5 3. Nc3 Bg4 4. h3 Bxf3 5. Qxf3 e6 6. Be2 Nd7 {B11: Caro-Kann: Two Knights Variation.} 7. d4 dxe4 8. Nxe4 Ngf6 {White is slightly better.} 9. O-O Nxe4 10. Qxe4 Nf6 11. Qe3 Bd6 {[#]} 12. b3 $146 ({Predecessor:} 12. Rd1 Qc7 13. Qf3 O-O 14. Bd3 Rfe8 15. c3 Nd7 16. Bc2 Nf8 17. h4 Rad8 18. Re1 {½-½ (45) Zelbel,P (2439)-Lai,H (2449) Belgium 2020}) 12... a5 13. a3 O-O 14. Bb2 a4 15. b4 b5 ({Better is} 15... Nd5 $11 16. Qf3 Nf4) 16. c4 bxc4 17. Bxc4 Nd5 18. Qf3 Be7 19. Rac1 Qb6 20. Bd3 Rfd8 21. Rc4 Rd6 22. Rfc1 Bf6 23. Be4 Rad8 24. g3 g6 25. Rc5 Kg7 26. Bxd5 (26. h4 {looks sharper.} h5 27. Kg2 Ra8 28. Qd1 Ra6 29. Bc2) 26... exd5 27. Re1 h5 28. Qd1 h4 {[#]} 29. g4 $1 Bg5 30. Qxa4 Rf6 31. Qc2 Rdd6 32. Bc1 Bxc1 33. Qxc1 ({Don't do} 33. Rxc1 $6 Rde6 $16) 33... Rde6 34. Re5 Rxe5 35. dxe5 $18 {[%mdl 4096] Endgame KQR-KQR} Re6 36. Qc3 Qa6 37. b5 cxb5 38. Rxd5 Qc6 39. Qb3 ({White should play} 39. Qxc6 $16 Rxc6 40. Rxb5) 39... Qc4 40. Rxb5 (40. Qxb5 {is more complex.} Qc1+ 41. Kg2 Qxa3 42. Qc4 Qa7 43. g5) 40... Qxb3 41. Rxb3 Rxe5 $14 {KR-KR} 42. Kf1 g5 $2 {Loses the game.} (42... Ra5 $11 {and Black has nothing to worry.}) 43. a4 $18 Kf6 $2 (43... f6 {is a better chance.} 44. Rb5 Re8) 44. Rb6+ {White is clearly winning.} Ke7 {[#]} 45. Rb5 $1 {[%cal Rb5e5]} Re4 46. Rxg5 Rxa4 47. Rh5 Kf6 48. Rxh4 {And now g5+! would win.} Kg6 49. Rh5 {Weighted Error Value: White=0.10/Black=0.31} 1-0

[Event "RUS-ch Boys U21 2021"]
[Site "Loo"]
[Date "2021.04.22"]
[Round "2.7"]
[White "Shubin, Kirill"]
[Black "Nesterov, Arseniy"]
[Result "1/2-1/2"]
[WhiteElo "2466"]
[BlackElo "2482"]
[Annotator "TA"]
[PlyCount "198"]
[EventDate "2021.04.21"]
[EventType "swiss"]
[EventCountry "RUS"]
[SourceTitle "playchess.com"]
[Source "ChessBase"]
[SourceQuality "1"]

{[%evp 11,198,13,14,14,23,22,23,29,21,15,38,40,12,0,0,7,0,-27,-6,-24,-3,-70,-81,-72,-71,-85,-91,-92,-104,-95,-96,-98,-82,-127,-120,-102,-93,-101,-90,-100,-100,-134,-135,-135,-139,-143,-131,-125,-130,-117,-104,-100,-104,-139,-137,-150,-125,-149,-137,-118,-89,-410,-395,-368,-374,-281,-132,-130,-66,-66,-60,-66,-70,-72,-70,-77,-66,-66,-53,-100,-100,-100,-100,-100,-71,-114,-83,-135,-69,-69,-69,-69,-67,-67,-67,-66,-37,-37,-30,-50,-37,-37,-37,-37,-37,-37,-37,-53,-53,-52,-53,-52,-53,-52,-45,-70,-49,-69,-57,-70,-70,-70,-70,-70,-70,-70,-70,-70,-70,-70,-70,-70,-70,-70,-8,-68,-68,-68,-68,-68,-68,-68,-68,-68,-68,-66,-66,-66,-66,-66,-66,-68,-68,-68,-68,-70,-70,-70,-70,-70,-70,-70,-70,-70,-70,-70,-70,-71,-71,-71,-71,-71,-71,-71,-71,-71,-71,-71,-71,-71,-71,-71,-8,-8,0,-8,-8,-8,-8]} 1. e4 c6 2. d4 d5 3. exd5 cxd5 4. Bd3 Nc6 5. c3 Qc7 6. Ne2 Bg4 7. O-O {B13: Caro-Kann: Exchange Variation and Panov-Botvinnik Attack.} e6 8. Qe1 Nf6 $1 {[%mdl 4] is recently more successful than 8...Bxe2.} 9. f3 {White has an edge.} Bh5 10. Qh4 Bg6 11. Bxg6 fxg6 12. Nf4 {White wants to play Nxg6!} Kf7 13. Nd3 e5 {[#]} 14. b4 $146 {next b5 is good for White.} ({Predecessor:} 14. Be3 Re8 15. Nd2 Bd6 16. Rae1 Rhf8 17. Nb3 Kg8 18. Bd2 e4 19. fxe4 Nxe4 20. Bf4 {1-0 (43) Idani,P (2598)-Gholami,A (2493) Hamedan 2018}) 14... exd4 15. b5 Ne5 16. Nxe5+ (16. Bf4 $11 Bd6 17. Bxe5 Bxe5 18. cxd4) 16... Qxe5 $15 17. cxd4 Qf5 18. Qf4 Rc8 19. Qxf5 gxf5 20. Nd2 Bd6 21. Nb3 Rc2 22. Bd2 Rhc8 23. Rfc1 Ba3 24. Rxc2 Rxc2 25. Bc1 Bd6 26. a4 b6 27. a5 Ne8 28. axb6 axb6 29. Bg5 Nc7 30. Bd8 Nxb5 {[#] Strongly threatening ...Rb2.} 31. Bxb6 Bf4 32. Ra5 Nc3 33. Ra7+ Kg6 34. Ba5 Be3+ 35. Kf1 Nb5 36. Rd7 $2 {[%mdl 8192]} (36. Ra6+ $17 Kf7 37. Be1) 36... Rb2 $19 37. Nc5 Rf2+ 38. Ke1 Rxg2 ({And not} 38... Bxd4 39. Ne6 $11) (38... Nxd4 $19 {is more deadly.} 39. Rd6+ Kh5) 39. Ne6 $17 {[#]} Rg1+ (39... Ra2 $1 $17 {[%cal Ra2a5]} 40. Bb4 Ra4) 40. Ke2 $15 Nxd4+ 41. Kxe3 Nxe6 42. Rxd5 {[%mdl 4096] Endgame KRB-KRN} Ra1 43. Kf2 Ra2+ 44. Bd2 $1 Kf6 45. Kg1 Ra3 46. Kf2 g5 47. h3 h6 48. Be3 f4 49. Bd4+ (49. Bd2 $142) 49... Kf7 (49... Nxd4 $17 50. Rxd4 Ra2+ 51. Kg1 Ke5) 50. Rd7+ Ke8 51. Rd6 Ra2+ 52. Kg1 $1 Ke7 53. Rd5 Re2 54. Bf2 Kf6 55. Kf1 Ra2 (55... Re5 {is more complex.} 56. Rxe5 Kxe5 57. h4 gxh4 58. Bxh4 Ng5) 56. h4 Ra6 57. Kg2 Kg6 58. hxg5 hxg5 59. Re5 Ng7 60. Rb5 Ra2 61. Rb6+ Kh5 62. Rb5 Ne6 63. Rd5 Rc2 64. Kg1 Nf8 65. Rc5 Ra2 66. Rc7 Kh6 67. Rc5 Ng6 68. Rd5 Kh5 69. Rc5 Nh4 70. Rc3 $1 Ra5 71. Kh2 Ng6 72. Kg2 g4 (72... Ra2 $15 73. Kf1 Nh4) 73. fxg4+ (73. Rc5+ $11 Rxc5 74. fxg4+ Kxg4 75. Bxc5) 73... Kxg4 74. Rc6 f3+ 75. Kh2 Nf4 76. Rc4 Ra2 77. Kg1 Kf5 $1 78. Rc5+ Ke6 {...Nh3+ is the strong threat.} 79. Rc6+ Kd5 80. Rc5+ Kd6 81. Rf5 Nh3+ 82. Kh2 Nxf2 83. Rxf3 {KRN-KR} Ke5 84. Rf8 Ne4+ 85. Kg1 Ng5 (85... Kd5 {looks sharper.} 86. Kf1 Kc4 87. Rc8+ Kd4 88. Rb8 Ng3+) 86. Kf1 Ke4 87. Re8+ Kf3 88. Rf8+ Ke3 89. Re8+ Ne4 90. Kg1 Ra7 91. Rg8 Rf7 92. Kg2 Rf6 93. Rg7 Rf8 94. Rg6 Rf2+ 95. Kg1 Kf3 96. Rg8 Nf6 (96... Rd2 $17) 97. Rg5 $1 $11 {The position is equal.} Ne4 {( -> ...Ng3)} 98. Rf5+ Ke3 99. Rxf2 Nxf2 {Whites escaped into a draw.  Weighted Error Value: White=0.20/Black=0.10} 1/2-1/2

[Event "RUS-ch Boys U21 2021"]
[Site "Loo"]
[Date "2021.04.22"]
[Round "2.8"]
[White "Zhafyarov, Adel"]
[Black "Vetokhin, Savva"]
[Result "1/2-1/2"]
[WhiteElo "2252"]
[BlackElo "2261"]
[Annotator "ChessBase"]
[PlyCount "142"]
[EventDate "2021.04.21"]
[EventType "swiss"]
[EventCountry "RUS"]
[SourceTitle "playchess.com"]
[Source "ChessBase"]
[SourceQuality "1"]
[TimeControl "40/5400+30:1800+30"]

1. d4 {[%emt 0:00:00]} Nf6 {[%emt 0:00:00]} 2. Bf4 {[%emt 0:00:00]} e6 {[%emt 0:00:00]} 3. e3 {[%emt 0:00:00]} c5 {[%emt 0:00:03]} 4. c3 {[%emt 0:00:00]} cxd4 {[%emt 0:00:06]} 5. exd4 {[%emt 0:00:00]} b6 {[%emt 0:00:11]} 6. Nd2 {[%emt 0:01:17]} Be7 {[%emt 0:00:47]} 7. Bd3 {[%emt 0:05:42]} Bb7 {[%emt 0:11:33]} 8. Ngf3 {[%emt 0:00:32]} O-O {[%emt 0:01:14]} 9. h3 {[%emt 0:01:14]} d6 {[%emt 0:00:23]} 10. O-O {[%emt 0:03:10]} Ba6 {[%emt 0:00:21]} 11. Bxa6 {[%emt 0:01:15]} Nxa6 {[%emt 0:00:07]} 12. a4 {[%emt 0:00:07]} Nc7 {[%emt 0:00:16]} 13. Qe2 {[%emt 0:01:04]} a6 {[%emt 0:00:36]} 14. Nc4 {[%emt 0:00:47]} Nfd5 {[%emt 0:00:15]} 15. Bd2 {[%emt 0:02:04]} b5 {[%emt 0:01:36]} 16. Na5 {[%emt 0:00:18]} Qd7 {[%emt 0:01:05]} 17. b3 {[%emt 0:07:19]} Rfb8 {[%emt 0:10:42]} 18. c4 {[%emt 0:10:56]} bxc4 {[%emt 0:00:36]} 19. Qxc4 {[%emt 0:00:57]} Rc8 {[%emt 0:03:46]} 20. Rfc1 {[%emt 0:15:06]} Ne8 {[%emt 0:06:27]} 21. Qd3 {[%emt 0:01:32]} Ra7 {[%emt 0:18:11]} 22. Rxc8 {[%emt 0:06:30]} Qxc8 {[%emt 0:00:01]} 23. Rc1 {[%emt 0:00:06]} Rc7 {[%emt 0:00:05]} 24. Rxc7 {[%emt 0:00:28]} Nexc7 {[%emt 0:00:02]} 25. Qc4 {[%emt 0:01:09]} f5 {[%emt 0:06:18]} 26. Nc6 {[%emt 0:05:17]} Kf8 {[%emt 0:03:05]} 27. Ba5 {[%emt 0:00:14]} Qb7 {[%emt 0:01:45]} 28. Ne1 {[%emt 0:06:36]} Ke8 {[%emt 0:01:15]} 29. Nd3 {[%emt 0:01:26]} Bf6 {[%emt 0:02:38]} 30. Ncb4 {[%emt 0:06:18]} Kd7 {[%emt 0:03:12]} 31. Bxc7 {[%emt 0:02:55]} Nxc7 {[%emt 0:00:08]} 32. Nf4 {[%emt 0:00:56]} a5 {[%emt 0:01:47]} 33. Nc2 {[%emt 0:00:16]} g6 {[%emt 0:01:49]} 34. Ne2 {[%emt 0:03:35]} d5 {[%emt 0:04:59]} 35. Qc3 {[%emt 0:02:35]} Qc6 {[%emt 0:01:17]} 36. Qd2 {[%emt 0:03:19]} Qb6 {[%emt 0:00:52]} 37. Nc1 {[%emt 0:02:02]} Na6 {[%emt 0:02:59]} 38. Qh6 {[%emt 0:03:43]} Qc6 {[%emt 0:09:32]} 39. Na3 {[%emt 0:00:06]} Ke8 {[%emt 0:03:39]} 40. Ne2 {[%emt 0:00:00]} Qd7 {[%emt 0:00:00]} 41. Nb5 {[%emt 0:02:49]} Nb4 {[%emt 0:07:18]} 42. Qe3 {[%emt 0:02:17]} Qc6 {[%emt 0:02:09]} 43. Qf4 {[%emt 0:02:29]} Qc2 {[%emt 0:02:14]} 44. Qb8+ {[%emt 0:02:03]} Kf7 {[%emt 0:02:52]} 45. Nf4 {[%emt 0:13:18]} Qc6 {[%emt 0:02:37]} 46. g3 {[%emt 0:02:44]} Qd7 {[%emt 0:02:15]} 47. h4 {[%emt 0:03:13]} Nc6 {[%emt 0:01:19]} 48. Qb6 {[%emt 0:00:06]} Bd8 {[%emt 0:03:39]} 49. Qc5 {[%emt 0:00:01]} Be7 {[%emt 0:00:07]} 50. Qc3 {[%emt 0:01:17]} Bd6 {[%emt 0:04:40]} 51. Nd3 {[%emt 0:00:09]} Ke7 {[%emt 0:00:01]} 52. Qd2 {[%emt 0:02:05]} Kf8 {[%emt 0:00:11]} 53. h5 {[%emt 0:01:26]} Kg7 {[%emt 0:00:28]} 54. hxg6 {[%emt 0:01:46]} hxg6 {[%emt 0:00:45]} 55. Qe3 {[%emt 0:00:08]} Qe7 {[%emt 0:02:08]} 56. Nf4 {[%emt 0:01:19]} Bxf4 {[%emt 0:00:09]} 57. Qxf4 {[%emt 0:00:01]} Qd7 {[%emt 0:00:22]} 58. Qe3 {[%emt 0:00:45]} Qe7 {[%emt 0:00:30]} 59. Qc3 {[%emt 0:00:06]} Qd7 {[%emt 0:00:05]} 60. Qc5 {[%emt 0:00:16]} g5 {[%emt 0:00:33]} 61. Nc3 {[%emt 0:01:29]} Kf7 {[%emt 0:00:54]} 62. Nd1 {[%emt 0:00:20]} Qb7 {[%emt 0:00:11]} 63. Ne3 {[%emt 0:00:25]} Ne7 {[%emt 0:00:55]} 64. Qxa5 {[%emt 0:01:59]} Qxb3 {[%emt 0:00:45]} 65. Nf1 {[%emt 0:00:04]} f4 {[%emt 0:01:25]} 66. Qa7 {[%emt 0:01:11]} Kf6 {[%emt 0:00:37]} 67. a5 {[%emt 0:00:15]} Nc6 {[%emt 0:01:27]} 68. Qc5 {[%emt 0:00:31]} Qa4 {[%emt 0:00:05]} 69. Qf8+ {[%emt 0:00:45]} Kg6 {[%emt 0:00:01]} 70. gxf4 {[%emt 0:00:13]} gxf4 {[%emt 0:00:27]} 71. Qxf4 {[%emt 0:00:35]} Qxa5 1/2-1/2

[Event "RUS-ch Boys U21 2021"]
[Site "Loo"]
[Date "2021.04.22"]
[Round "2.9"]
[White "Pavlov, Danila"]
[Black "Sidorov, Dmitry I"]
[Result "1-0"]
[WhiteElo "2360"]
[BlackElo "2139"]
[Annotator "TA"]
[PlyCount "69"]
[EventDate "2021.04.21"]
[EventType "swiss"]
[EventCountry "RUS"]
[SourceTitle "playchess.com"]
[Source "ChessBase"]
[SourceQuality "1"]

{[%evp 9,69,22,24,25,58,4,129,110,131,91,154,143,165,125,170,165,205,210,338,345,338,221,197,18,23,-14,-24,-16,-13,-16,-18,-67,-10,-86,-72,-73,-88,-103,-12,-20,-20,-3,0,-58,-20,-13,14,15,13,6,12,6,8,0,6,0,48,41,85,46,383,356]} 1. e4 e6 2. d4 d5 3. Nc3 Nc6 4. e5 f6 5. Nf3 fxe5 6. dxe5 {C10: French with 3 Nc3: Unusual Black 3rd moves and 3...dxe4.} Nge7 {[#]} 7. Bf4 $146 (7. h4 $14) ({Predecessor:} 7. Bg5 h6 8. Bh4 g5 9. Bg3 Bg7 10. Bd3 O-O 11. a3 Nf5 12. Qe2 g4 13. Ng1 Nxg3 14. hxg3 Nxe5 {0-1 (40) Koutny,P (2116)-Taus,M (2136) Czech Republic 2015}) 7... g6 (7... Ng6 $11 8. Bg3 Bc5) 8. Qd2 {White is better.} Bg7 9. O-O-O Bd7 (9... b6 $142) 10. h4 O-O 11. Be2 Qe8 12. g3 a6 13. h5 $1 gxh5 (13... Rf5 $142 14. hxg6 Nxg6) 14. Ng5 $18 Nxe5 15. Bxh5 N5g6 {Black wants to play ...d4.} 16. Qe2 $2 ({Much less strong is} 16. Bxc7 $6 h6 $14) (16. Rde1 $18) 16... e5 $11 {[#]} 17. Nxh7 $1 exf4 (17... Nxf4 18. gxf4 Qd8 19. Rdg1 $1 $18) 18. Nxf8 Qxf8 19. Bxg6 Nxg6 20. Qh5 Qf7 (20... Qf5 $15 21. Qh7+ Kf7 22. Rxd5 {[#]} Rh8 $1 23. Qxh8 (23. Rxf5+ Bxf5 24. Qxh8 Bxh8 $17) 23... Bxh8 24. Rxf5+ Bxf5 25. gxf4 Bxc3 26. bxc3 Nxf4) 21. Rxd5 (21. Nxd5 $11 {remains equal.} Bc6 22. Qg5) 21... Nf8 $17 22. Qxf7+ Kxf7 23. Rh4 Bc6 (23... fxg3 $17 {Threatens to win with ...g2.} 24. fxg3 Re8 25. Rf4+ Ke7) 24. Rxf4+ $11 Ke7 {Strongly threatening ...Bh6.} 25. Rh5 Ne6 26. Rc4 (26. Rff5 $11) 26... Bf3 {[%mdl 1024] Black has compensation.} 27. Rf5 {[%cal Rf5f3]} b5 28. Rh4 Bb7 29. Nd5+ Kd6 30. Ne3 Bd4 31. Nd1 Re8 32. c3 Bg7 33. Ne3 Nc5 34. Rg4 Nd3+ $2 {[%mdl 8192]} ({Better is} 34... Bf8 $14) 35. Kd2 {Weighted Error Value: White=0.30/Black=0.52} 1-0

[Event "RUS-ch Boys U21 2021"]
[Site "Loo"]
[Date "2021.04.22"]
[Round "2.10"]
[White "Kyshtymov, Daniil"]
[Black "Golikov, Daniil"]
[Result "0-1"]
[WhiteElo "2137"]
[BlackElo "2250"]
[Annotator "ChessBase"]
[PlyCount "82"]
[EventDate "2021.04.21"]
[EventType "swiss"]
[EventCountry "RUS"]
[SourceTitle "playchess.com"]
[Source "ChessBase"]
[SourceQuality "1"]
[TimeControl "40/5400+30:1800+30"]

1. e4 {[%emt 0:00:00]} e6 {[%emt 0:00:00]} 2. d4 {[%emt 0:00:00]} d5 {[%emt 0:00:00]} 3. Nd2 {[%emt 0:00:00]} c5 {[%emt 0:00:00]} 4. exd5 {[%emt 0:00:05]} Qxd5 {[%emt 0:00:00]} 5. dxc5 {[%emt 0:00:14]} Bxc5 {[%emt 0:00:41]} 6. Ngf3 {[%emt 0:00:11]} Nf6 {[%emt 0:00:11]} 7. Bc4 {[%emt 0:00:10]} Qc6 {[%emt 0:00:24]} 8. Qe2 {[%emt 0:02:00]} a6 {[%emt 0:17:34]} 9. Nb3 {[%emt 0:03:55]} Nbd7 {[%emt 0:03:27]} 10. Bg5 {[%emt 0:16:44]} b5 {[%emt 0:05:56]} 11. Bd3 {[%emt 0:02:40]} O-O {[%emt 0:10:28]} 12. O-O-O {[%emt 0:12:23]} Bd6 {[%emt 0:05:27]} 13. Kb1 {[%emt 0:06:02]} h6 {[%emt 0:03:01]} 14. h4 {[%emt 0:11:21]} e5 {[%emt 0:10:50]} 15. Bf5 {[%emt 0:19:48]} Re8 {[%emt 0:03:37]} 16. g4 {[%emt 0:12:50]} Bc7 {[%emt 0:15:41]} 17. Be3 {[%emt 0:06:45]} Nf8 {[%emt 0:02:35]} 18. Bxc8 {[%emt 0:02:00]} Raxc8 {[%emt 0:00:02]} 19. g5 {[%emt 0:00:48]} Ng4 {[%emt 0:00:06]} 20. gxh6 {[%emt 0:00:48]} Nxh6 {[%emt 0:00:09]} 21. Rhg1 {[%emt 0:00:47]} Bb6 {[%emt 0:03:53]} 22. Bc1 {[%emt 0:00:50]} Nf5 {[%emt 0:02:15]} 23. h5 {[%emt 0:00:32]} a5 {[%emt 0:05:28]} 24. Rg5 {[%emt 0:00:30]} e4 {[%emt 0:02:14]} 25. Ne1 {[%emt 0:00:32]} Nd6 {[%emt 0:00:38]} 26. Nd4 {[%emt 0:00:33]} Bxd4 {[%emt 0:00:06]} 27. Rxd4 {[%emt 0:00:15]} Ne6 {[%emt 0:00:09]} 28. Rdd5 {[%emt 0:00:42]} Nxg5 {[%emt 0:01:00]} 29. Rxg5 {[%emt 0:00:04]} Re6 {[%emt 0:04:20]} 30. Qg4 {[%emt 0:00:22]} Ne8 {[%emt 0:00:07]} 31. Be3 {[%emt 0:00:55]} Rd8 {[%emt 0:00:31]} 32. Ng2 {[%emt 0:00:42]} Nf6 {[%emt 0:03:18]} 33. Rxg7+ {[%emt 0:00:25]} Kf8 {[%emt 0:00:00]} 34. Qg5 {[%emt 0:00:34]} Rd5 {[%emt 0:00:51]} 35. Qg3 {[%emt 0:00:30]} Rxh5 {[%emt 0:00:53]} 36. Nf4 {[%emt 0:00:29]} Rh1+ {[%emt 0:00:15]} 37. Bc1 {[%emt 0:00:01]} Rd6 {[%emt 0:00:11]} 38. Ng6+ {[%emt 0:01:01]} fxg6 {[%emt 0:00:18]} 39. Qxg6 {[%emt 0:00:01]} Qd5 {[%emt 0:00:02]} 40. b3 {[%emt 0:00:00]} Ne8 {[%emt 0:00:00]} 41. Qg2 {[%emt 0:02:18]} Rxc1+ {[%emt 0:00:54]} 0-1

[Event "RUS-ch Boys U21 2021"]
[Site "Loo"]
[Date "2021.04.22"]
[Round "2.11"]
[White "Akhtariev, Andrey"]
[Black "Babanin, Gleb"]
[Result "1-0"]
[WhiteElo "2190"]
[BlackElo "2123"]
[Annotator "ChessBase"]
[PlyCount "85"]
[EventDate "2021.04.21"]
[EventType "swiss"]
[EventCountry "RUS"]
[SourceTitle "playchess.com"]
[Source "ChessBase"]
[SourceQuality "1"]
[TimeControl "40/5400+30:1800+30"]

1. e4 {[%emt 0:00:00]} c5 {[%emt 0:00:00]} 2. c4 {[%emt 0:00:05]} Nc6 {[%emt 0:00:09]} 3. Nc3 {[%emt 0:00:05]} d6 {[%emt 0:01:44]} 4. g3 {[%emt 0:00:09]} g6 {[%emt 0:03:57]} 5. Bg2 {[%emt 0:00:06]} Bg7 {[%emt 0:00:16]} 6. Nge2 {[%emt 0:00:11]} Nf6 {[%emt 0:02:57]} 7. O-O {[%emt 0:00:37]} O-O {[%emt 0:00:39]} 8. h3 Rb8 {[%emt 0:11:59]} 9. f4 {[%emt 0:02:27]} Nd7 {[%emt 0:04:49]} 10. d3 {[%emt 0:02:33]} Nd4 {[%emt 0:03:32]} 11. Rb1 {[%emt 0:07:41]} b5 {[%emt 0:07:33]} 12. Kh2 {[%emt 0:01:46]} Nxe2 {[%emt 0:08:58]} 13. Nxe2 {[%emt 0:00:32]} bxc4 {[%emt 0:16:07]} 14. dxc4 {[%emt 0:00:37]} Qa5 {[%emt 0:00:10]} 15. a3 {[%emt 0:01:12]} Qb6 {[%emt 0:00:46]} 16. b3 {[%emt 0:03:44]} Bb7 {[%emt 0:05:18]} 17. Qc2 {[%emt 0:06:35]} Bc6 {[%emt 0:00:40]} 18. Be3 {[%emt 0:05:37]} Qa6 {[%emt 0:01:16]} 19. a4 {[%emt 0:03:42]} Rb6 {[%emt 0:04:52]} 20. Bd2 {[%emt 0:03:00]} Qb7 {[%emt 0:07:28]} 21. a5 {[%emt 0:05:03]} Ra6 {[%emt 0:00:03]} 22. g4 {[%emt 0:00:26]} e6 {[%emt 0:05:08]} 23. Ng3 {[%emt 0:17:39]} d5 {[%emt 0:00:46]} 24. b4 {[%emt 0:00:37]} dxc4 {[%emt 0:04:14]} 25. b5 {[%emt 0:00:28]} Bxb5 {[%emt 0:00:04]} 26. e5 {[%emt 0:00:04]} Rc6 {[%emt 0:00:11]} 27. Ne4 {[%emt 0:05:08]} c3 {[%emt 0:04:03]} 28. Bxc3 {[%emt 0:01:47]} Qa6 {[%emt 0:00:40]} 29. Rfd1 {[%emt 0:00:19]} Rc7 {[%emt 0:00:31]} 30. Rd6 {[%emt 0:00:39]} Bc6 {[%emt 0:00:06]} 31. Nf6+ {[%emt 0:03:25]} Bxf6 {[%emt 0:00:03]} 32. exf6 {[%emt 0:00:03]} Qc8 {[%emt 0:00:32]} 33. Bf1 {[%emt 0:00:40]} Ba8 {[%emt 0:03:12]} 34. Qd2 {[%emt 0:01:27]} Kh8 {[%emt 0:00:33]} 35. Ba6 {[%emt 0:01:46]} Qe8 {[%emt 0:00:27]} 36. Bb5 {[%emt 0:00:22]} Qb8 {[%emt 0:00:47]} 37. Rb2 {[%emt 0:02:58]} Qb7 {[%emt 0:01:19]} 38. Bxd7 {[%emt 0:01:03]} Qh1+ {[%emt 0:00:05]} 39. Kg3 {[%emt 0:00:02]} h5 {[%emt 0:01:16]} 40. f5 {[%emt 0:00:00]} Kh7 {[%emt 0:00:00]} 41. Qe3 {[%emt 0:11:49]} Rg8 {[%emt 0:03:08]} 42. fxe6 {[%emt 0:08:08]} g5 {[%emt 0:00:19]} 43. exf7 {[%emt 0:02:07]} 1-0